000
00349 a2200157 4500
001
120479
020
_a
9788540310803
040
_c
Escola Canadense de Niteroi
100
_a
Miranda, Anna Lúcia
245
1
0
_a
Aprendendo Artes 9º ano
260
_a
São Paulo
300
_b
il.
490
0
_a
Aprendendo Artes
650
4
_a
Artes
942
_c
BK
999
_c
120479
_d
120479